000 00782nam a2200205Ii 4500
003 JO-AjNU
008 230605s9999||||xx |||||||||||||| ||und||
017 _a1971/1551
040 _aJO-AjNU
_bara
_erda
_cJO-AjNU
041 _aara
050 1 4 _aBP173.6.I27 1971
100 3 _aابن تيمية، أبي العباس أحمد ؛ تحقيق وتعليق: محمد ابراهيم البنا، محمد أحمد عاشور,
_eauthor
_920801
245 0 0 _aالسياسة الشرعية في إصلاح الراعي والرعية
264 3 1 _aالقاهرة: دار الشعب، 1971
300 _a191ص
336 _atext
_btxt
_2rdacontent
337 _aunmediated
_bn
_2rdamedia
338 _avolume
_bnc
_2rdacarrier
650 4 _aنظام الحكم في الاسلام
_920802
999 _aA7117
_c10685
_d10685